[Event "GER-ch U25-B"]
[Site "Willingen"]
[Date "2023.06.02"]
[Round "8"]
[White "Kratz, Alexander"]
[Black "Link, Moritz"]
[Result "1-0"]
[WhiteElo "1773"]
[BlackElo "1589"]
[PlyCount "125"]
[EventDate "2023.05.27"]
[EventType "swiss"]
[EventRounds "9"]
[EventCountry "GER"]
[SourceTitle "CBM 214 Extra"]
[Source "ChessBase"]
[SourceDate "2023.07.31"]
[SourceVersion "1"]
[SourceVersionDate "2023.07.31"]
[SourceQuality "1"]

1. Nf3 Nf6 2. g3 b5 3. Bg2 Bb7 4. 0-0 e6 5. a4 b4 6. d4 d5 7. c3 c5 8. cxb4 cxb4 9. Nbd2 Be7 10. Nb3 Nc6 11. a5 Ba6 12. Re1 0-0 13. Nfd2 Rb8 14. e4 Rb5 15. Bf1 dxe4 16. Bxb5 Bxb5 17. Nxe4 Qd5 18. Nec5 Rd8 19. Be3 Nb8 20. f3 Bc6 21. Rf1 g5 22. Qc2 g4 23. Nd2 Qh5 24. Nce4 gxf3 25. Nxf6+ Bxf6 26. Ne4 Bg7 27. Rf2 Rxd4 28. Bxd4 Bxd4 29. Qd2 Bxf2+ 30. Nxf2 Bd5 31. Qxb4 Nc6 32. Qg4+ Qg6 33. Qxg6+ fxg6 34. Ng4 Kf7 35. Kf2 e5 36. Ne3 Be4 37. Nc4 Ke6 38. Ke3 Bd5 39. Nd2 Nd4 40. Rc1 Bc6 41. Rf1 Nf5+ 42. Kf2 e4 43. Re1 e3+ 44. Rxe3+ Nxe3 45. Kxe3 Kd6 46. Nxf3 Bxf3 47. Kxf3 Kc5 48. Kg4 h6 49. h4 Kb5 50. h5 gxh5+ 51. Kxh5 Kxa5 52. Kxh6 Kb4 53. g4 a5 54. g5 Kb3 55. g6 Kxb2 56. g7 a4 57. g8Q a3 58. Qg2+ Kb1 59. Qf1+ Kb2 60. Qe2+ Kb1 61. Qe1+ Kb2 62. Qb4+ Ka2 63. Qc3 1-0

[Event "GER-ch U25-B"]
[Site "Willingen"]
[Date "2023.05.31"]
[Round "6"]
[White "Beberhold, Otto Richard"]
[Black "Kratz, Alexander"]
[Result "0-1"]
[WhiteElo "1427"]
[BlackElo "1773"]
[PlyCount "90"]
[EventDate "2023.05.27"]
[EventType "swiss"]
[EventRounds "9"]
[EventCountry "GER"]
[SourceTitle "CBM 214 Extra"]
[Source "ChessBase"]
[SourceDate "2023.07.31"]
[SourceVersion "1"]
[SourceVersionDate "2023.07.31"]
[SourceQuality "1"]

1. d4 Nf6 2. Nc3 d5 3. Nf3 g6 4. Bf4 c6 5. Qd2 Bf5 6. h3 Nbd7 7. Nh4 Ne4 8. Nxe4 Bxe4 9. f3 Bf5 10. Nxf5 gxf5 11. 0-0-0 Qb6 12. g4 fxg4 13. hxg4 Bg7 14. Bh6 Bxh6 15. Rxh6 0-0-0 16. e3 e5 17. Be2 exd4 18. Qxd4 Qxd4 19. exd4 Rde8 20. Kd2 Re6 21. Rdh1 Rxh6 22. Rxh6 Kd8 23. Bd3 Nf8 24. Ke3 Ke7 25. f4 f6 26. Bf5 Kf7 27. Bc8 Ne6 28. Bxb7 Nd8 29. Ba6 Kg7 30. Rh3 Re8+ 31. Kf3 Re1 32. Bd3 h6 33. Rh2 Ra1 34. a3 Ra2 35. c3 Ra1 36. Re2 Kf7 37. f5 Rh1 38. Kg2 Rd1 39. Bc2 Rc1 40. Kf2 Rh1 41. Re1 Rh2+ 42. Ke3 Rxc2 43. Re2 Rxe2+ 44. Kxe2 Nb7 45. b4 Nd6 0-1

[Event "GER-ch U25-B"]
[Site "Willingen"]
[Date "2023.05.30"]
[Round "4"]
[White "Kratz, Alexander"]
[Black "Frowein, Jamie"]
[Result "1/2-1/2"]
[WhiteElo "1773"]
[BlackElo "1441"]
[PlyCount "45"]
[EventDate "2023.05.27"]
[EventType "swiss"]
[EventRounds "9"]
[EventCountry "GER"]
[SourceTitle "CBM 214 Extra"]
[Source "ChessBase"]
[SourceDate "2023.07.31"]
[SourceVersion "1"]
[SourceVersionDate "2023.07.31"]
[SourceQuality "1"]

1. Nf3 c5 2. g3 Nf6 3. Bg2 Nc6 4. 0-0 g6 5. d3 Bg7 6. e4 d6 7. a4 Rb8 8. c3 a6 9. Qe1 0-0 10. Nbd2 b5 11. axb5 axb5 12. Nh4 b4 13. Nc4 bxc3 14. bxc3 d5 15. exd5 Nxd5 16. Bd2 Qd7 17. Rc1 Rb3 18. f4 e6 19. Nf3 Rd8 20. Nfe5 Nxe5 21. fxe5 Ne7 22. Bg5 Rf8 23. Bxe7 1/2-1/2

[Event "GER-ch U25-B"]
[Site "Willingen"]
[Date "2023.05.29"]
[Round "3"]
[White "Blome, Johannes"]
[Black "Kratz, Alexander"]
[Result "1-0"]
[WhiteElo "1849"]
[BlackElo "1773"]
[PlyCount "73"]
[EventDate "2023.05.27"]
[EventType "swiss"]
[EventRounds "9"]
[EventCountry "GER"]
[SourceTitle "CBM 214 Extra"]
[Source "ChessBase"]
[SourceDate "2023.07.31"]
[SourceVersion "1"]
[SourceVersionDate "2023.07.31"]
[SourceQuality "1"]

1. e4 c5 2. b4 cxb4 3. d4 d5 4. exd5 Qxd5 5. c4 Qe4+ 6. Be3 e6 7. Nf3 Nd7 8. Bd3 Qc6 9. Nbd2 Ngf6 10. 0-0 Be7 11. Qb3 b6 12. d5 Qc7 13. Nd4 Nc5 14. Nb5 Qb8 15. Qc2 Nxd3 16. Qxd3 exd5 17. cxd5 0-0 18. d6 Rd8 19. Bf4 Ba6 20. Qf3 Bf8 21. Nc7 Bxf1 22. Rxf1 Bxd6 23. Bxd6 Rxd6 24. Nc4 Rd8 25. Nxa8 Qxa8 26. Qxa8 Rxa8 27. Rd1 Rc8 28. Ne3 g6 29. f3 Rc3 30. Kf2 b3 31. axb3 Rxb3 32. g4 a5 33. g5 Rb2+ 34. Kg1 Nh5 35. Ng4 Nf4 36. Kf1 Nh3 37. f4 1-0

[Event "Muensterland Verbandsliga Gr2 2223"]
[Site "Germany"]
[Date "2022.11.12"]
[Round "3.3"]
[White "Kratz, Alexander"]
[Black "Sparwel, Oliver"]
[Result "0-1"]
[WhiteElo "1776"]
[BlackElo "1922"]
[PlyCount "52"]
[EventDate "2022.09.10"]
[EventType "team-tourn"]
[EventRounds "5"]
[EventCountry "GER"]
[SourceTitle "EXT 2024"]
[Source "ChessBase"]
[SourceDate "2023.10.10"]
[SourceVersion "1"]
[SourceVersionDate "2023.10.10"]
[SourceQuality "1"]
[WhiteTeam "Ahaus Wessum"]
[BlackTeam "Suedlohn II"]
[WhiteTeamCountry "GER"]
[BlackTeamCountry "GER"]

1. e4 d6 2. d3 g6 3. Nf3 Bg7 4. g3 e5 5. Bg2 Ne7 6. 0-0 0-0 7. h3 f5 8. Bg5 h6 9. Bxe7 Qxe7 10. Nh4 Qg5 11. exf5 gxf5 12. Qe1 Bf6 13. Nd2 Nc6 14. c3 Bd7 15. Kh2 Rae8 16. Qd1 Nd8 17. f4 exf4 18. Rxf4 Be5 19. Bd5+ Kh7 20. Nhf3 Qg7 21. Nxe5 Rxe5 22. Bb3 Ne6 23. Rf1 Re3 24. Rf3 f4 25. Nf1 fxg3+ 26. Rxg3 Rxg3 0-1

[Event "Dortmund Sparkassen op-B 47th"]
[Site "Dortmund"]
[Date "2019.07.19"]
[Round "7"]
[White "Strack, Patrick"]
[Black "Kratz, Alexander"]
[Result "1/2-1/2"]
[WhiteElo "1705"]
[BlackElo "1854"]
[PlyCount "58"]
[EventDate "2019.07.13"]
[EventType "swiss"]
[EventRounds "9"]
[EventCountry "GER"]
[SourceTitle "CBM 192 Extra"]
[Source "Chessbase"]
[SourceDate "2019.11.06"]
[SourceVersion "1"]
[SourceVersionDate "2019.11.06"]
[SourceQuality "1"]

1. e4 e6 2. d4 d5 3. Nd2 dxe4 4. Nxe4 Nd7 5. Nf3 Ngf6 6. Ng3 c5 7. c3 Be7 8. Bd3 0-0 9. 0-0 a6 10. a4 Re8 11. a5 cxd4 12. Nxd4 Nf8 13. Qf3 Ng6 14. Bxg6 hxg6 15. Rd1 Qc7 16. Ne4 Nxe4 17. Qxe4 Bd6 18. Be3 Bd7 19. h3 e5 20. Nf3 Bc6 21. Qg4 Bxf3 22. Qxf3 e4 23. Qg4 Qe7 24. Rd5 Rad8 25. Rad1 Bc7 26. b4 Rxd5 27. Rxd5 Rd8 28. Rxd8+ Qxd8 29. Bd4 Qe8 1/2-1/2

[Event "Dortmund Sparkassen op-B 47th"]
[Site "Dortmund"]
[Date "2019.07.15"]
[Round "3"]
[White "Kratz, Alexander"]
[Black "Brieger, Sebastian"]
[Result "0-1"]
[WhiteElo "1854"]
[BlackElo "1722"]
[PlyCount "100"]
[EventDate "2019.07.13"]
[EventType "swiss"]
[EventRounds "9"]
[EventCountry "GER"]
[SourceTitle "CBM 192 Extra"]
[Source "Chessbase"]
[SourceDate "2019.11.06"]
[SourceVersion "1"]
[SourceVersionDate "2019.11.06"]
[SourceQuality "1"]

1. d4 d5 2. e4 dxe4 3. Nc3 Nf6 4. f3 exf3 5. Nxf3 c6 6. Bd3 g6 7. Bf4 Bg7 8. Qd2 Bg4 9. Bc4 Bxf3 10. gxf3 Nbd7 11. 0-0-0 Nb6 12. Bb3 Nbd5 13. Nxd5 cxd5 14. Ba4+ Nd7 15. Bh6 0-0 16. Bxg7 Kxg7 17. h4 Nf6 18. Rdg1 Nh5 19. c3 Qd6 20. Kb1 Qf4 21. Qd3 Ng3 22. Rh3 Qf5 23. Qxf5 Nxf5 24. Bc2 Nd6 25. h5 Kf6 26. Rh4 e6 27. hxg6 hxg6 28. Rgh1 Nf5 29. R4h3 Ng7 30. Kc1 Nh5 31. Kd2 Rae8 32. Ke3 Kg7 33. Rg1 Rh8 34. Rgh1 Nf6 35. Rxh8 Rxh8 36. Rxh8 Kxh8 37. Kf4 Kg7 38. Ke5 g5 39. Kd6 g4 40. fxg4 Nxg4 41. Kc7 Ne3 42. Bd3 Nd1 43. b4 Nxc3 44. a3 b5 45. Kb7 f5 46. Kxa7 f4 47. Kb6 f3 48. Kc6 f2 49. a4 bxa4 50. b5 Nxb5 0-1

[Event "GER-ch U25-A"]
[Site "Willingen"]
[Date "2019.06.13"]
[Round "7"]
[White "Rothenberg, Jannik"]
[Black "Kratz, Alexander"]
[Result "1/2-1/2"]
[WhiteElo "1795"]
[BlackElo "1741"]
[PlyCount "40"]
[EventDate "2019.06.08"]
[EventType "swiss"]
[EventRounds "9"]
[EventCountry "GER"]
[SourceTitle "CBM 191 Extra"]
[Source "ChessBase"]
[SourceDate "2019.09.30"]
[SourceVersion "1"]
[SourceVersionDate "2019.09.30"]
[SourceQuality "1"]

1. d4 g6 2. c4 Bg7 3. Nf3 d6 4. e4 e5 5. Nc3 Nc6 6. d5 Nd4 7. Be3 Bg4 8. Be2 Nxe2 9. Qxe2 f5 10. h3 Bxf3 11. gxf3 f4 12. Bd2 a5 13. Na4 Qd7 14. b3 b6 15. Nb2 Nh6 16. Bc3 Nf7 17. Nd3 0-0 18. a3 c6 19. Qb2 cxd5 20. cxd5 Rfc8 1/2-1/2

[Event "Pfalz op-B 10th"]
[Site "Neustadt an der Weinstrasse"]
[Date "2019.03.04"]
[Round "7"]
[White "Kratz, Alexander"]
[Black "Chassard, Cedric"]
[Result "0-1"]
[WhiteElo "1716"]
[BlackElo "1763"]
[PlyCount "62"]
[EventDate "2019.03.01"]
[EventType "swiss"]
[EventRounds "7"]
[EventCountry "GER"]
[SourceTitle "CBM 189 Extra"]
[Source "ChessBase"]
[SourceDate "2019.05.31"]
[SourceVersion "1"]
[SourceVersionDate "2019.05.31"]
[SourceQuality "1"]

1. d4 Nf6 2. Nc3 d5 3. e4 dxe4 4. f3 exf3 5. Nxf3 c6 6. Bc4 Bf5 7. 0-0 e6 8. Ng5 Bg6 9. Bxe6 h6 10. Nxf7 Bxf7 11. Bxf7+ Kxf7 12. Qh5+ Kg8 13. Qg6 Qxd4+ 14. Kh1 Bd6 15. Bf4 Bxf4 16. Rad1 Bd2 17. Rxd2 Qxd2 18. Rd1 Qxd1+ 19. Nxd1 Nbd7 20. Ne3 Re8 21. Qg3 Kh7 22. h3 Rhf8 23. Nf5 Nh5 24. Qd3 Nc5 25. Qf3 g6 26. g4 Ng7 27. Qc3 gxf5 28. Qxc5 fxg4 29. hxg4 Re1+ 30. Kg2 Re2+ 31. Kg3 Ref2 0-1

[Event "Muensterland Verbandsklasse 1617"]
[Site "Germany"]
[Date "2017.03.25"]
[Round "8.7"]
[White "Terhart, Juergen"]
[Black "Kratz, Alexander"]
[Result "1/2-1/2"]
[WhiteElo "1758"]
[BlackElo "1555"]
[PlyCount "44"]
[EventDate "2016.09.24"]
[EventType "team"]
[EventRounds "9"]
[EventCountry "GER"]
[SourceTitle "EXT 2018"]
[Source "ChessBase"]
[SourceDate "2017.10.13"]
[SourceVersion "1"]
[SourceVersionDate "2017.10.13"]
[SourceQuality "1"]
[WhiteTeam "Raesfeld Erle II"]
[BlackTeam "Sendenhorst"]
[WhiteTeamCountry "GER"]
[BlackTeamCountry "GER"]

1. d4 e6 2. c4 Nf6 3. Nc3 Bb4 4. a3 Bxc3+ 5. bxc3 b6 6. Bg5 h6 7. Bh4 g5 8. Bg3 Ne4 9. Qc2 Bb7 10. f3 Nxg3 11. hxg3 d5 12. e3 Qd6 13. g4 Nd7 14. Bd3 0-0-0 15. Ne2 h5 16. gxh5 Nf6 17. cxd5 Nxh5 18. dxe6 fxe6 19. 0-0-0 Qxa3+ 20. Kd2 Qd6 21. Ra1 a5 22. Be4 Ng3 1/2-1/2